| 000 | 00490nam a2200169 i 4500 | ||
|---|---|---|---|
| 001 | 78881 | ||
| 003 | ES-MaACL | ||
| 005 | 20230906173837.0 | ||
| 007 | t| | ||
| 008 | 041018s1919 xxk ||||1| eng d | ||
| 100 | 1 |
_aHayward, F. H. _962221 |
|
| 245 | 1 | 0 |
_aDemocracy and the press / _cby F. H. Hayward B.M. Landon-Davies. |
| 260 |
_aLondon : _bThe National Labour Press, _c[1919] |
||
| 300 |
_aXII, 76 p. ; _c16 cm. |
||
| 700 | 1 |
_aLangdon-Davies, B. M. _970012 |
|
| 852 |
_aES-MaACL _jF-10071 |
||
| 999 |
_c78881 _d78881 |
||